| 000 | 00632nam a2200193Ia 4500 | ||
|---|---|---|---|
| 003 | GCL | ||
| 008 | 140319s9999 xx 000 0 ara d | ||
| 040 |
_aGCL / _cGCL |
||
| 082 | 0 | 4 |
_a647.94 _bم م |
| 100 | 1 | _aماهر عبدالعزيز توفيق | |
| 245 | 1 | 0 |
_aمبادئ ادارة الفنادق / _cماهر عبدالعزيز توفيق |
| 260 |
_aالاردن : _bدار زهران |
||
| 300 |
_a371 ص ؛ _c24 سم |
||
| 490 |
_aكتب الفنادق السياحية _v0 |
||
| 650 | 0 | 4 | _aالفنادق |
| 650 | 0 | 4 | _aالفنادق - تنظيم وادارة |
| 650 | 0 | 4 | _aالفنادق - تصنيف |
| 942 |
_2ddc _cBK |
||
| 999 |
_c4353 _d4353 |
||